000 00761nam a2200253 i 4500
001 18655
003 ES-MaACL
005 20230906151905.0
007 t|
008 020212s1995 sp ||||0| spa j
020 _a84-88306-23-7
040 _aM-BN
_bspa
_cM-BN
080 _a82-54.08
100 1 _aOrtega, Alfonso.
_987391
245 1 3 _aEl discurso político
_b: retórica, parlamento, dialéctica /
_cAlfonso Ortega.
260 _aMadrid :
_bFundación Cánovas del Castillo,
_cD.L. 1995.
300 _a234 p :
_bil ;
_c21 cm.
490 1 _aVeintiuno
650 1 4 _aOratoria política.
_915734
710 2 _aFundación Cánovas del Castillo.
_94244
830 0 _aVeintiuno
_9180481
852 _aES-MaACL
_jL-25230
_bR.130721
999 _c18655
_d18655